000 00679nam a2200289Ia 4500
005 20260324144436.0
008 008 260324s9999 xx 000 0 eng d
020 _a9781003209133
037 _aEBOOK
040 _aCRL
040 _beng
040 _cCRL
041 _2eng
041 _aeng
084 _qCRL
100 _aRoger Bromley
_91090236
245 0 _aLost Narratives
245 0 _bPopular Fictions, Politics, and Recent History
260 _bTaylor and Francis
260 _c1988
365 _a
365 _b75
856 _uhttp://www.taylorfrancis.com/books/9781003209133
942 _cEBOOK
999 _c1825959
_d1825959